<?xml version="1.0" encoding="UTF-8"?>
<record
    xmlns:xsi="http://www.w3.org/2001/XMLSchema-instance"
    xsi:schemaLocation="http://www.loc.gov/MARC21/slim http://www.loc.gov/standards/marcxml/schema/MARC21slim.xsd"
    xmlns="http://www.loc.gov/MARC21/slim">

  <leader>01061cam a22002297i 4500</leader>
  <controlfield tag="001">125517</controlfield>
  <controlfield tag="003">ES-MaACL</controlfield>
  <controlfield tag="005">20251009165406.0</controlfield>
  <controlfield tag="007">t|</controlfield>
  <controlfield tag="008">070615m19261934sp           ||||0| spa d</controlfield>
  <datafield tag="080" ind1=" " ind2=" ">
    <subfield code="a">913(100)</subfield>
  </datafield>
  <datafield tag="100" ind1="1" ind2=" ">
    <subfield code="a">Vidal de La Blache, Paul.</subfield>
    <subfield code="9">114479</subfield>
  </datafield>
  <datafield tag="245" ind1="1" ind2="0">
    <subfield code="a">Curso de geograf&#xED;a / </subfield>
    <subfield code="c">P. Vidal de la Blache y P. Camena d'Almeida ; adaptado a las necesidades de Espa&#xF1;a y Am&#xE9;rica por Antonio Bl&#xE1;zquez.</subfield>
  </datafield>
  <datafield tag="260" ind1=" " ind2=" ">
    <subfield code="a">Barcelona : </subfield>
    <subfield code="b">[s.n.], </subfield>
    <subfield code="c">1926-1934 (</subfield>
    <subfield code="e">Sucesores de Juan Gili)</subfield>
  </datafield>
  <datafield tag="300" ind1=" " ind2=" ">
    <subfield code="a">6 v : </subfield>
    <subfield code="b">il., mapas ; </subfield>
    <subfield code="c">19 cm.</subfield>
  </datafield>
  <datafield tag="505" ind1="8" ind2=" ">
    <subfield code="a">Contiene: 1. La tierra, geograf&#xED;a general (639 p.) - 2. Europa (512 p.) - 3. Pen&#xED;nsula ib&#xE9;rica (618 p.) - 4. Asia, India insular, &#xC1;frica (534 p.) - 5. Am&#xE9;rica septentrional, Am&#xE9;rica central, Las Antillas (531 p.) - 6. Am&#xE9;rica meridional, Ocean&#xED;a (660 p.)</subfield>
  </datafield>
  <datafield tag="650" ind1=" " ind2="7">
    <subfield code="a">Geograf&#xED;a</subfield>
    <subfield code="2">embne</subfield>
    <subfield code="9">13070</subfield>
  </datafield>
  <datafield tag="700" ind1="1" ind2=" ">
    <subfield code="a">Camena d'Almeida, Pierre, </subfield>
    <subfield code="d">1865-1943</subfield>
    <subfield code="9">34052</subfield>
  </datafield>
  <datafield tag="700" ind1="1" ind2=" ">
    <subfield code="a">Bl&#xE1;zquez, Antonio, </subfield>
    <subfield code="d">1859-1950</subfield>
    <subfield code="9">29437</subfield>
  </datafield>
  <datafield tag="852" ind1=" " ind2=" ">
    <subfield code="a">ES-MaACL</subfield>
    <subfield code="j">B-9166-71</subfield>
  </datafield>
  <datafield tag="999" ind1=" " ind2=" ">
    <subfield code="c">125517</subfield>
    <subfield code="d">125517</subfield>
  </datafield>
  <datafield tag="952" ind1=" " ind2=" ">
    <subfield code="0">0</subfield>
    <subfield code="1">0</subfield>
    <subfield code="4">0</subfield>
    <subfield code="7">0</subfield>
    <subfield code="a">ATENEOM</subfield>
    <subfield code="b">ATENEOM</subfield>
    <subfield code="c">SPB</subfield>
    <subfield code="d">2008-01-17</subfield>
    <subfield code="e">SC</subfield>
    <subfield code="l">0</subfield>
    <subfield code="o">B-9166-71</subfield>
    <subfield code="p">1130756</subfield>
    <subfield code="r">2023-02-23 00:00:00</subfield>
    <subfield code="w">2023-02-23</subfield>
    <subfield code="y">MONOGRAFIA</subfield>
  </datafield>
</record>
